THOERY AND DESIGN OF ACTIVE RC CIRCUITS (Record no. 582051)

000 -LEADER
fixed length control field 00272nam a22001097a 4500
082 ## - DEWEY DECIMAL CLASSIFICATION NUMBER
Classification number 621.3192 HUE'T
100 ## - MAIN ENTRY--PERSONAL NAME
Personal name HUELSMAN, L. P
9 (RLIN) 57290
245 ## - TITLE STATEMENT
Title THOERY AND DESIGN OF ACTIVE RC CIRCUITS
260 ## - PUBLICATION, DISTRIBUTION, ETC.
Place of publication, distribution, etc. NEW DELHI
Name of publisher, distributor, etc. TATA MCGRAW HILL
Date of publication, distribution, etc. 1968
300 ## - PHYSICAL DESCRIPTION
Extent 267P
942 ## - ADDED ENTRY ELEMENTS (KOHA)
Koha item type Book
Holdings
Withdrawn status Lost status Damaged status Not for loan Permanent Location Current Location Shelving location Date acquired Total Checkouts Full call number Barcode Date last seen Price effective from Koha item type
        College of Electrical & Mechanical Engineering (CEME) College of Electrical & Mechanical Engineering (CEME) General Stacks 06/01/2017   621.3192 HUE'T CEME-10479 06/28/2021 06/28/2021 Book
© 2023 Central Library, National University of Sciences and Technology. All Rights Reserved.